Satzzeichen | Name | % Korrekt |
---|---|---|
, | Komma | 100%
|
. | Punkt | 100%
|
? | Fragezeichen | 99%
|
! | Ausrufezeichen | 98%
|
& | Und-Zeichen | 98%
|
: | Doppelpunkt | 97%
|
@ | At-Zeichen | 90%
|
" | Anführungszeichen | 82%
|
{ | Geschweifte Klammer | 77%
|
£ | Pfund | 75%
|
; | Strichpunkt | 74%
|
' | Apostroph | 68%
|
† | Dagger | 68%
|
© | Copyrightzeichen | 62%
|
\ | Backslash | 35%
|
¶ | Absatzzeichen | 27%
|
~ | Tilde | 23%
|
• | Aufzählungszeichen | 11%
|
^ | Zirkumflex | 8%
|
... | Auslassungspunkte | 7%
|
‽ | Interrobang | 6%
|
« | Guillemets | 4%
|
Copyright H Brothers Inc., 2008–2024
Kontakt | Zum Seitenanfang | Zur mobilen Version wechseln